Obce okresu Pelhřimov - Statistics

General Stats
  • This quiz has been taken 13 times
  • The average score is 16 of 120
Answer Stats
Počet obyvatel Odpověď % Correct
11 447 Humpolec
100%
267 Kámen
89%
4 749 Pacov
89%
3 723 Kamenice nad Lipou
78%
94 Žirov
78%
16 420 Pelhřimov
67%
2 500 Počátky
67%
3 285 Žirovnice
67%
1 160 Želiv
56%
649 Čejov
33%
1 900 Horní Cerekev
33%
381 Kaliště
33%
467 Kejžlice
33%
168 Koberovice
33%
171 Ondřejov
33%
849 Senožaty
33%
1 045 Červená Řečice
22%
102 Hojanovice
22%
644 Hořepník
22%
170 Horní Rápotice
22%
940 Jiřice
22%
344 Kojčice
22%
332 Křelovice
22%
1 153 Nová Cerekev
22%
979 Nový Rychnov
22%
798 Obrataň
22%
565 Olešná
22%
660 Rynárec
22%
728 Vyskytná
22%
277 Vystrkov
22%
236 Zachotín
22%
229 Zajíčkov
22%
333 Budíkov
11%
231 Buřenice
11%
128 Bystrá
11%
115 Čáslavsko
11%
636 Častrov
11%
138 Černov
11%
1 778 Černovice
11%
148 Čížkov
11%
120 Dehtáře
11%
201 Dobrá Voda
11%
326 Horní Ves
11%
210 Komorovice
11%
748 Košetice
11%
138 Krasíkovice
11%
185 Křešín
11%
84 Litohošť
11%
1 005 Lukavec
11%
299 Mladé Bříště
11%
197 Moraveč
11%
119 Mysletín
11%
241 Onšov
11%
258 Pošná
11%
162 Řečice
11%
135 Salačova Lhota
11%
144 Sedlice
11%
82 Staré Bříště
11%
104 Střítež
11%
61 Syrov
11%
263 Ústrašín
11%
68 Útěchovičky
11%
267 Velká Chyška
11%
202 Velký Rybník
11%
101 Vojslavice
11%
81 Arneštovice
0%
94 Bácovice
0%
55 Bělá
0%
188 Bohdalín
0%
91 Bořetice
0%
110 Bořetín
0%
624 Božejov
0%
151 Bratřice
0%
93 Čelistná
0%
326 Cetoraz
0%
119 Chyšná
0%
44 Chýstovice
0%
105 Dobrá Voda u Pacova
0%
81 Dubovice
0%
54 Důl
0%
65
0%
85 Hojovice
0%
207 Hořice
0%
44 Jankov
0%
69 Ježov
0%
241 Křeč
0%
121 Leskovice
0%
66 Lesná
0%
109 Lhota-Vlasenice
0%
274 Libkova Voda
0%
277 Lidmaň
0%
54 Martinice u Onšova
0%
104 Mezilesí
0%
167 Mezná
0%
412 Mnich
0%
116 Nová Buková
0%
125 Pavlov
0%
77 Píšť
0%
114 Polesí
0%
69 Proseč
0%
89 Proseč pod Křemešníkem
0%
283 Putimov
0%
229 Rodinov
0%
52 Rovná
0%
158 Samšín
0%
116 Stojčín
0%
62 Střítež pod Křemešníkem
0%
117 Svépravice
0%
73 Těchobuz
0%
415 Těmice
0%
61 Útěchovice
0%
115 Útěchovice pod Stražištěm
0%
249 Včelnička
0%
222 Veselá
0%
139 Věžná
0%
204 Vokov
0%
156 Vyklantice
0%
15 Vysoká Lhota
0%
104 Zhořec
0%
45 Zlátenka
0%
No matching quizzes found
Score Distribution
Percent of People with Each Score
Percentile by Number Answered
Your Score History
You have not taken this quiz